Access reading 2 : Reading in the real world
Guardat en:
| Autor principal: | |
|---|---|
| Format: | Llibre |
| Idioma: | Undetermined |
| Publicat: |
Boston
Heinle
2004
|
| Matèries: | |
| Etiquetes: |
Afegir etiqueta
Sense etiquetes, Sigues el primer a etiquetar aquest registre!
|
| Thư viện lưu trữ: | Trung tâm Học liệu Trường Đại học Cần Thơ |
|---|
| LEADER | 00570nam a2200217Ia 4500 | ||
|---|---|---|---|
| 001 | CTU_94767 | ||
| 008 | 210402s9999 xx 000 0 und d | ||
| 020 | |c 111000 | ||
| 082 | |a 428.24 | ||
| 082 | |b C713/B.2 | ||
| 100 | |a Collins, Tim | ||
| 245 | 0 | |a Access reading 2 : | |
| 245 | 0 | |b Reading in the real world | |
| 245 | 0 | |c Tim Collins | |
| 260 | |a Boston | ||
| 260 | |b Heinle | ||
| 260 | |c 2004 | ||
| 650 | |a English language,English language,Reading | ||
| 650 | |x Study and teaching | ||
| 904 | |i Truc | ||
| 980 | |a Trung tâm Học liệu Trường Đại học Cần Thơ | ||